5HLuxD.jpg

KING HENRY VIII SENIOR AND PRIMARY SCHOOL LIBRARY OPAC

THE BATTLE OF ROAR (Record no. 5371)

000 -LEADER
fixed length control field 00361nam a22001217a 4500
008 - FIXED-LENGTH DATA ELEMENTS--GENERAL INFORMATION
fixed length control field 250909b ||||| |||| 00| 0 eng d
020 ## - INTERNATIONAL STANDARD BOOK NUMBER
International Standard Book Number 9781405298148
082 ## - DEWEY DECIMAL CLASSIFICATION NUMBER
Classification number 823.00 MCL
100 ## - MAIN ENTRY--PERSONAL NAME
Personal name MCLACHLAN,JENNY
Relator term AUTHOR
Language of a work ENGLISH
245 ## - TITLE STATEMENT
Title THE BATTLE OF ROAR
260 ## - PUBLICATION, DISTRIBUTION, ETC.
Place of publication, distribution, etc. 1st Floor,Watermarque Building,Ringsend Road,Dublin 4,Ireland
Name of publisher, distributor, etc. Farshore
Date of publication, distribution, etc. 2021
942 ## - ADDED ENTRY ELEMENTS (KOHA)
Source of classification or shelving scheme
Holdings
Withdrawn status Lost status Source of classification or shelving scheme Damaged status Not for loan Collection code Permanent Location Current Location Shelving location Date acquired Total Checkouts Full call number Barcode Date last seen Date last checked out Price effective from Koha item type Public note
          Fiction KH8 Primary School Library KH8 Primary School Library Fiction 2025-09-09 1 823.00 MCL KHPL000007151 2025-12-05 2025-10-27 2025-09-09 Books - Fiction PRIMARY LIBRARY

Powered By KH8 IT Dept